000 00444nam a2200193Ia 4500
005 20240823040419.0
008 240823s9999||||xx |||||||||||||| ||und||
020 _a978-93-81098-0-11
041 _aTAMIL
082 _A004.023 Q0
100 _aXavier
245 0 _aIT yil Velai Vendumaa?
250 _a1st
260 _c201
_bBlackhole Media Public
500 _aYES
650 _aTamil Books
_bGeneral
942 _cBK
999 _c203047
_d203047